书目信息 |
| 题名: |
营销力
|
|
| 作者: | 刘杰克 著 | |
| 分册: | ||
| 出版信息: | 北京 人民出版社 2004 |
|
| 页数: | 337页 | |
| 开本: | 20cm | |
| 丛书名: | ||
| 单 册: | ||
| 中图分类: | F724.7 | |
| 科图分类: | ||
| 主题词: | 消费资料--市场营销学--研究--中国 | |
| 电子资源: | ||
| ISBN: | 7-01-004593-3 | |
| 000 | 01335nam0 2200337 450 | |
| 000 | 01298nam0 2200325 450 | |
| 000 | 01280nam0 2200325 450 | |
| 000 | 01243nam0 2200313 450 | |
| 000 | 01239nam0 2200301 450 | |
| 000 | 01202nam0 2200289 45 | |
| 001 | TS2006000361 | |
| 005 | 20070113085102.43 | |
| 010 | @a7-01-004593-3@dCNY23.00 | |
| 092 | @aCN@bTS01-000418 | |
| 100 | @a20060829d2004 em y0chiy0110 ea | |
| 101 | 0 | @achi |
| 102 | @aCN@b110000 | |
| 105 | @ay z 000yy | |
| 200 | 1 | @a营销力@Aying xiao li@eA品牌闪电制胜中国市场全程实录@EA Pin Pai Shan Dian Zhi Sheng Zhong Guo Shi Chang Quan Cheng Shi Lu@f刘杰克著@FLiu Jie Ke Zhu |
| 210 | @a北京@c人民出版社@d2004 | |
| 215 | @a337页@d20cm | |
| 300 | @a北京大学光华管理学院MBA大型营销实战案例 | |
| 330 | @a本书对营销的战略战术进行了分析。书中插入了大量反映企业营销过程的表格、图片、报告,在再现整个品牌营销工作的同时,教给读者如何制作类似的营销文件。 | |
| 517 | 1 | @aA品牌闪电制胜中国市场全程实录@AA pin pai shan dian zhi sheng zhong guo shi chang quan cheng shi lu |
| 606 | 0 | @a消费资料@x市场营销学@x研究@y中国 |
| 690 | @aF724.7@v4 | |
| 701 | 0 | @a刘杰克@Aliu jie ke@4著 |
| 801 | 0 | @aCN@b中图数据@c20070113 |
| 905 | @a10447@dF724.7@e34 | |
| 营销力:A品牌闪电制胜中国市场全程实录/刘杰克著.-北京:人民出版社,2004 |
| 337页;20cm |
| 北京大学光华管理学院MBA大型营销实战案例 |
| ISBN 7-01-004593-3:CNY23.00 |
| 本书对营销的战略战术进行了分析。书中插入了大量反映企业营销过程的表格、图片、报告,在再现整个品牌营销工作的同时,教给读者如何制作类似的营销文件。 |
| ● |
| 相关链接 |
|
|
|
|
正题名:营销力
索取号:F724.7/34
 
预约/预借
| 序号 | 登录号 | 条形码 | 馆藏地/架位号 | 状态 | 备注 |
| 1 | 0601519 | 206015195 | 第一样本阅览室/ [索取号:F724.7/34] | 在馆 | |
| 2 | 0601520 | 206015202 | 第一借阅区/ [索取号:F724.7/34] | 在馆 | |
| 3 | 0601521 | 206015211 | 第一借阅区/ [索取号:F724.7/34] | 在馆 |